000354677 001__ 354677 000354677 005__ 20250106135001.0 000354677 0247_ $$2URN$$aurn:nbn:de:bvb:91-diss-20240724-1743899-1-0 000354677 037__ $$aGSI-2024-01156 000354677 041__ $$aEnglish 000354677 1001_ $$0P:(DE-Ds200)OR7778$$aKlenze, Philipp$$b0$$eCorresponding author$$gmale 000354677 245__ $$aGamma detection with CALIFA 000354677 260__ $$c2024 000354677 300__ $$a121 000354677 3367_ $$2DataCite$$aOutput Types/Dissertation 000354677 3367_ $$2ORCID$$aDISSERTATION 000354677 3367_ $$2BibTeX$$aPHDTHESIS 000354677 3367_ $$02$$2EndNote$$aThesis 000354677 3367_ $$0PUB:(DE-HGF)11$$2PUB:(DE-HGF)$$aDissertation / PhD Thesis$$bphd$$mphd$$s1733322736_2543 000354677 3367_ $$2DRIVER$$adoctoralThesis 000354677 502__ $$aDissertation, Technische Universität München, 2024$$bDissertation$$cTechnische Universität München$$d2024 000354677 536__ $$0G:(DE-HGF)POF4-612$$a612 - Cosmic Matter in the Laboratory (POF4-612)$$cPOF4-612$$fPOF IV$$x0 000354677 536__ $$0G:(Ds200)GSI-FAIR-Phase-0$$aFAIR Phase-0 - FAIR Phase-0 Research Program (GSI-FAIR-Phase-0)$$cGSI-FAIR-Phase-0$$x1 000354677 693__ $$0EXP:(DE-Ds200)Experiment_without_proposal_number-20200803$$1EXP:(DE-Ds200)Facility_outside_beam_time_program-20200803$$5EXP:(DE-Ds200)Experiment_without_proposal_number-20200803$$aFacility_outside_beam_time_program$$eExperiment at GSI without experiment proposal number ( - ; Facility_outside_beam_time_program )$$x0 000354677 909CO $$ooai:repository.gsi.de:354677$$pVDB 000354677 9141_ $$y2024 000354677 9101_ $$0I:(DE-Ds200)20121206GSI$$6P:(DE-Ds200)OR7778$$aGSI Helmholtzzentrum für Schwerionenforschung GmbH$$b0$$kGSI 000354677 9131_ $$0G:(DE-HGF)POF4-612$$1G:(DE-HGF)POF4-610$$2G:(DE-HGF)POF4-600$$3G:(DE-HGF)POF4$$4G:(DE-HGF)POF$$aDE-HGF$$bForschungsbereich Materie$$lMatter and the Universe$$vCosmic Matter in the Laboratory$$x0 000354677 920__ $$lyes 000354677 9201_ $$0I:(DE-Ds200)Coll-FAIR-R3B$$kR3B@FAIR$$lCollaboration FAIR: R3B$$x0 000354677 9201_ $$0I:(DE-Ds200)KRA-20150901OR349$$kKRA$$lKernreaktionen$$x1 000354677 980__ $$aphd 000354677 980__ $$aVDB 000354677 980__ $$aI:(DE-Ds200)Coll-FAIR-R3B 000354677 980__ $$aI:(DE-Ds200)KRA-20150901OR349 000354677 980__ $$aUNRESTRICTED